Statistics for Famous NHL lines

Click here to take the quiz!

General Stats

  • This quiz has been taken 125 times
  • The average score is 19 of 71

Answer Stats

TeamLine namePlayer% Correct
PhiladelphiaLegion Of DoomEric Lindros
65%
DetroitProduction Line 2Gordie Howe
58%
DetroitProduction LineGordie Howe
58%
MontrealPunch LineMaurice Richard
58%
ChicagoMillion DollarBobby Hull
57%
QuebecStastny BrothersPeter Stastny
57%
Los AngelesTriple Crown LineMarcel Dionne
56%
New York IslandersLong Island Lightning CompanyMike Bossy
56%
QuebecStastny BrothersAnton Stastny
55%
OttawaPizza Line(CASH)Daniel Alfredsson
55%
DetroitRussian FiveSergei Fedorov
55%
QuebecStastny BrothersMarian Stastny
54%
PhiladelphiaLegion Of DoomJohn LeClair
53%
New York IslandersLong Island Lightning CompanyBryan Trottier
52%
DetroitRussian FiveIgor Larionov
50%
BuffaloFrench ConnectionGilbert Perreault
49%
OttawaPizza Line(CASH)Dany Heatley
48%
OttawaPizza Line(CASH)Jason Spezza
48%
PhiladelphiaLegion Of DoomMikael Renberg
43%
DetroitRussian FiveViacheslav Fetisov
43%
WinnipegOlympic LineTeemu Selanne
42%
DetroitRussian FiveVyacheslav Kozlov
40%
DetroitProduction LineTed Lindsay
36%
DetroitRussian FiveVladimir Konstantinov
34%
DetroitGrind LineKris Draper
33%
New York RangersGAG LineRod Gilbert
32%
DetroitGrind LineKirk Maltby
31%
BuffaloFrench ConnectionRick Martin
30%
New York IslandersLong Island Lightning CompanyClark Gillies
29%
New York RangersGAG LineJean Ratelle
26%
BuffaloFrench ConnectionRene Robert
26%
DetoritProduction Line 2Alex Delvecchio
25%
DetroitProduction LineSid Abel
25%
ChicagoParty LineDenis Savard
23%
MontrealPunch LineElmer Lach
23%
Los AngelesTriple Crown LineDave Taylor
22%
WinnipegOlympic LineKeith Tkachuk
22%
DetroitGrind LineDarren McCarty
20%
MontrealPunch LineHector Blake
19%
Los AngelesTriple Crown LineCharile Simmer
17%
BostonKraut LineMilt Schmidt
17%
PittsburghCentury LineSyl Apps jr
16%
DetroitProduction Line 2Frank Mahovlich
15%
ChicagoParty LineSteve Larmer
15%
New York RangersGAG LineVic Hadfield
14%
Los AngelesThat 70s LineJeff Carter
13%
Montreal MaroonsS LineHooley Smith
12%
Los AngelesThat 70s LineTyler Toffoli
12%
WinnipegOlympic LineAlexei Zhamnov
11%
PittsburghCentury LineJean Pronovost
11%
Los AngelesThat 70s LineTanner Pearson
10%
TorontoKid LineCharlie Conacher
9%
New York RangersBread LineBill Cook
8%
ChicagoPony LineBill Mosienko
8%
New York RangersBread LineBun Cook
8%
ChicagoParty LineAl Secord
6%
MontrealFlying FrenchmenNewsy Lalonde
6%
BostonKraut LineBobby Bauer
5%
ChicagoPony LineDoug Bentley
5%
ChicagoPony LineMax Bentley
5%
MontrealFlying FrenchmenJack Laviolette
4%
PittsburghCentury LineLowell MacDonald
4%
TorontoKid LineBusher Jackson
3%
MontrealFlying FrenchmenDidier Pitre
3%
TorontoKid LineJoe Primeau
3%
Montreal MaroonsS LineNels Stewart
3%
Montreal MaroonsS LineBabe Siebert
2%
ChicagoMillion DollarBill Hay
2%
New York RangersBread LineFrank Boucher
2%
BostonKraut LineWoody Dumart
2%
ChicagoMillion DollarMurray Balfour
1%

Score Distribution

Percentile by Number Answered

Percent of People with Each Score

Your Score History

You have not taken this quiz